[Event "Natal op-B 9th"]
[Site "Natal"]
[Date "2012.02.20"]
[Round "6"]
[White "Bento, Alex Janes"]
[Black "Dias, Kleber Maux"]
[Result "1-0"]
[WhiteElo "1946"]
[BlackElo "1817"]
[PlyCount "87"]
[EventDate "2012.02.17"]
[EventType "swiss"]
[EventRounds "7"]
[EventCountry "BRA"]
[SourceTitle "CBM 147 Extra"]
[Source "ChessBase"]
[SourceDate "2012.04.24"]
[SourceVersion "1"]
[SourceVersionDate "2012.04.24"]
[SourceQuality "1"]

1. d4 d5 2. c4 c6 3. Nf3 Nf6 4. Nc3 Bf5 5. Qb3 b6 6. Bf4 Bd7 7. cxd5 Nxd5 8. Nxd5 cxd5 9. Qxd5 Nc6 10. a3 e6 11. Qe4 Be7 12. e3 0-0 13. Bb5 Nxd4 14. Nxd4 f5 15. Qd3 g5 16. Be5 Bc5 17. Bxd7 Qxd7 18. b4 Be7 19. Qb3 Qd5 20. Qxd5 exd5 21. Nc6 Kf7 22. Nxe7 Kxe7 23. Rc1 Ke6 24. Bd4 f4 25. 0-0 Rac8 26. exf4 Rxc1 27. Rxc1 Rxf4 28. Be3 Rc4 29. Rxc4 dxc4 30. Bxg5 c3 31. Kf1 Kd5 32. Ke2 Kc4 33. Bc1 a6 34. f4 Kd4 35. f5 Ke5 36. Kd3 Kxf5 37. Kxc3 Ke4 38. Bh6 b5 39. h3 Ke5 40. Kd3 Kd5 41. g4 Ke5 42. h4 Kd5 43. Bf4 Kc6 44. Kd4 1-0

[Event "Natal op-B 9th"]
[Site "Natal"]
[Date "2012.02.20"]
[Round "5"]
[White "Pinheiro, Ghabriel Alves"]
[Black "Bento, Alex Janes"]
[Result "1-0"]
[WhiteElo "1770"]
[BlackElo "1946"]
[PlyCount "83"]
[EventDate "2012.02.17"]
[EventType "swiss"]
[EventRounds "7"]
[EventCountry "BRA"]
[SourceTitle "CBM 147 Extra"]
[Source "ChessBase"]
[SourceDate "2012.04.24"]
[SourceVersion "1"]
[SourceVersionDate "2012.04.24"]
[SourceQuality "1"]

1. e4 e6 2. d4 a6 3. Nf3 d5 4. e5 c5 5. c3 Nc6 6. Be2 cxd4 7. cxd4 Bb4+ 8. Nc3 Qa5 9. Qc2 Nge7 10. 0-0 Nf5 11. Rd1 Bd7 12. a3 Be7 13. Rb1 Rc8 14. b4 Nxb4 15. axb4 Bxb4 16. Bd2 Bxc3 17. Bxc3 Rxc3 18. Qd2 Qc7 19. Rxb7 Qxb7 20. Qxc3 0-0 21. Qa3 Bb5 22. Rb1 Qc6 23. Bxb5 axb5 24. g4 Nh6 25. h3 f6 26. Qa5 fxe5 27. Nxe5 Qc2 28. Rf1 Qe4 29. Qb6 Kh8 30. Qxe6 Qxd4 31. g5 Ng8 32. Nf7+ Rxf7 33. Qxf7 Qh4 34. Qf5 h6 35. g6 Qf6 36. Qxf6 gxf6 37. Rb1 Ne7 38. Rxb5 d4 39. Rb8+ Ng8 40. Rb7 Ne7 41. Rxe7 d3 42. Kf1 1-0

[Event "Natal Potiguar 2nd op"]
[Site "Natal"]
[Date "2007.07.22"]
[Round "7.9"]
[White "Oliveira Jr, Antonio Fernandes"]
[Black "Bento, Alex Janes"]
[Result "1/2-1/2"]
[WhiteElo "1934"]
[BlackElo "1934"]
[PlyCount "65"]
[EventDate "2007.07.20"]
[EventType "swiss"]
[EventRounds "7"]
[EventCountry "BRA"]
[SourceTitle "EXT 2022"]
[Source "ChessBase"]
[SourceDate "2021.10.06"]
[SourceVersion "1"]
[SourceVersionDate "2021.10.06"]
[SourceQuality "1"]

1. d4 Nf6 2. Nf3 g6 3. c4 Bg7 4. Nc3 d6 5. g3 0-0 6. Bg2 Nbd7 7. 0-0 Re8 8. h3 a6 9. e4 e5 10. Be3 exd4 11. Bxd4 Nxe4 12. Bxg7 Kxg7 13. Nxe4 Rxe4 14. Ng5 Rxc4 15. Bd5 Qxg5 16. Bxc4 Nf6 17. h4 Qc5 18. Bb3 Bh3 19. Rc1 Qf5 20. Rxc7 Rf8 21. Re1 Nd7 22. Bc2 Qf6 23. Kh2 Bf5 24. Bxf5 Qxf5 25. Qd4+ Kg8 26. g4 Qa5 27. Qc3 Qb6 28. Rxd7 Qxf2+ 29. Kh3 h5 30. Qg3 hxg4+ 31. Qxg4 Qxe1 32. Rxd6 Re8 33. Rxg6+ 1/2-1/2

[Event "Natal Potiguar 2nd op"]
[Site "Natal"]
[Date "2007.07.21"]
[Round "4.5"]
[White "Bento, Alex Janes"]
[Black "Santiago, Yago de Moura"]
[Result "0-1"]
[WhiteElo "1934"]
[BlackElo "2139"]
[PlyCount "66"]
[EventDate "2007.07.20"]
[EventType "swiss"]
[EventRounds "7"]
[EventCountry "BRA"]
[SourceTitle "EXT 2022"]
[Source "ChessBase"]
[SourceDate "2021.10.06"]
[SourceVersion "1"]
[SourceVersionDate "2021.10.06"]
[SourceQuality "1"]

1. d4 d5 2. Bf4 Nf6 3. Nf3 e6 4. a3 c5 5. e3 Nc6 6. h3 Be7 7. Be2 0-0 8. 0-0 b6 9. c3 Bb7 10. Nbd2 Nd7 11. Qc2 f5 12. Kh1 Bf6 13. Bd6 Re8 14. Nb3 c4 15. Nbd2 Rc8 16. Nh2 g6 17. Bg3 e5 18. Rae1 f4 19. exf4 exd4 20. Bg4 d3 21. Qd1 Ne7 22. Be6+ Kg7 23. Ng4 Rc6 24. Nxf6 Nxf6 25. f5 Bc8 26. Bxc8 Qxc8 27. fxg6 hxg6 28. f4 Nf5 29. Bf2 Rce6 30. Rxe6 Qxe6 31. Re1 Ne4 32. Kh2 Qd6 33. Qa4 Qxf4+ 0-1

[Event "Natal Potiguar 2nd op"]
[Site "Natal"]
[Date "2007.07.21"]
[Round "3.3"]
[White "Silveira Filho, Neri da Silva"]
[Black "Bento, Alex Janes"]
[Result "1-0"]
[WhiteElo "2204"]
[BlackElo "1934"]
[PlyCount "87"]
[EventDate "2007.07.20"]
[EventType "swiss"]
[EventRounds "7"]
[EventCountry "BRA"]
[SourceTitle "EXT 2022"]
[Source "ChessBase"]
[SourceDate "2021.10.06"]
[SourceVersion "1"]
[SourceVersionDate "2021.10.06"]
[SourceQuality "1"]

1. c4 e5 2. Nc3 Nf6 3. g3 Bc5 4. Bg2 0-0 5. Nf3 Nc6 6. d3 h6 7. 0-0 a6 8. a3 d6 9. b4 Bb6 10. Bb2 Nd4 11. Nxd4 Bxd4 12. e3 Ba7 13. Qd2 Rb8 14. a4 Bd7 15. b5 c6 16. Ba3 Qc7 17. Rab1 Rfc8 18. b6 Bxb6 19. Rxb6 Qxb6 20. Bxd6 Re8 21. Rb1 Qa7 22. Bxb8 Rxb8 23. a5 b6 24. Qb2 b5 25. Na4 Ng4 26. h3 Nxe3 27. fxe3 Qxe3+ 28. Kh2 Qxd3 29. Nc5 Qd6 30. Nxd7 Qxd7 31. Qxe5 Re8 32. Rd1 Rxe5 33. Rxd7 bxc4 34. Rd8+ Kh7 35. Rc8 Rxa5 36. Rxc6 Ra4 37. Bd5 Ra2+ 38. Kg1 Ra1+ 39. Kf2 Ra2+ 40. Ke3 Ra3+ 41. Kf4 f6 42. Be4+ Kg8 43. Bg6 Kf8 44. Re6 1-0

[Event "Natal Magistral 4th B"]
[Site "Natal"]
[Date "2007.04.28"]
[Round "3.4"]
[White "Da Costa, Alex Luiz"]
[Black "Bento, Alex Janes"]
[Result "1-0"]
[WhiteElo "1948"]
[BlackElo "1999"]
[PlyCount "43"]
[EventDate "2007.04.27"]
[EventType "tourn"]
[EventRounds "10"]
[EventCountry "BRA"]
[SourceTitle "EXT 2022"]
[Source "ChessBase"]
[SourceDate "2021.10.06"]
[SourceVersion "1"]
[SourceVersionDate "2021.10.06"]
[SourceQuality "1"]

1. d4 Nf6 2. c4 c5 3. Nf3 cxd4 4. Nxd4 e5 5. Nf3 Nc6 6. g3 Bb4+ 7. Bd2 Qa5 8. Bg2 Ne4 9. 0-0 Nxd2 10. Nfxd2 0-0 11. a3 Be7 12. b4 Nxb4 13. Nb3 Qb6 14. axb4 Bxb4 15. N1d2 f5 16. Bd5+ Kh8 17. Nf3 d6 18. Ng5 h6 19. e3 Bd7 20. Nf7+ Kh7 21. Qh5 Rae8 22. Ng5+ 1-0